Collezione di varie scene teatrali per uso degli amatori, (Record no. 25744)

000 -LEADER
fixed length control field 00696cam a2200205u 4500
001 - CONTROL NUMBER
control field 7768735
003 - CONTROL NUMBER IDENTIFIER
control field OSt
005 - DATE AND TIME OF LATEST TRANSACTION
control field 20170201104845.0
008 - FIXED-LENGTH DATA ELEMENTS--GENERAL INFORMATION
fixed length control field 820120s1821 it 000 0 ita
010 ## - LIBRARY OF CONGRESS CONTROL NUMBER
LC control number 14017451
040 ## - CATALOGING SOURCE
Original cataloging agency DLC
Transcribing agency CarP
Modifying agency DLC
050 00 - LIBRARY OF CONGRESS CALL NUMBER
Classification number ND623.B32
Item number A3 (Rare bk. coll.)
100 1# - MAIN ENTRY--PERSONAL NAME
Personal name Basoli, Antonio. [from old catalog]
245 00 - TITLE STATEMENT
Title Collezione di varie scene teatrali per uso degli amatori,
260 ## - PUBLICATION, DISTRIBUTION, ETC. (IMPRINT)
Place of publication, distribution, etc. Bologna,
Name of publisher, distributor, etc. L'autore,
Date of publication, distribution, etc. 1821.
300 ## - PHYSICAL DESCRIPTION
Extent 2 p. l., [4] p. c pl.
Dimensions 39 x 51 cm.
650 #0 - SUBJECT ADDED ENTRY--TOPICAL TERM
Topical term or geographic name as entry element Theaters
General subdivision Stage-setting and scenery.
650 #0 - SUBJECT ADDED ENTRY--TOPICAL TERM
Topical term or geographic name as entry element Aquatint.
906 ## - LOCAL DATA ELEMENT F, LDF (RLIN)
a 0
b cbc
c premunv
d u
e ncip
f 19
g y-gencatlg
942 ## - ADDED ENTRY ELEMENTS (KOHA)
Source of classification or shelving scheme
Koha item type Hard Covered Materials
Classification part NE 1839 .B32A3 1969
Holdings
Withdrawn status Lost status Source of classification or shelving scheme Damaged status Not for loan Home library Current library Shelving location Date acquired Source of acquisition Total Checkouts Full call number Barcode Date last seen Price effective from Koha item type
          MACHAKOS UNIVERSITY LIBRARY MACHAKOS UNIVERSITY LIBRARY Open shelf 01/02/2017 Donation (BFA)   NE 1839 .B32A3 1969 33459 01/02/2017 01/02/2017 Hard Covered Materials
© Machakos University Library, Along The Highway, Machakos Wote Rd, Machakos, Kenya P.O. Box 136 - 90100 Machakos - Kenya

Tel: ( +254 ) 723 805829 OR Fax : 044-20353 OR Email: library@mksu.ac.ke